Denver International Airport Destinations (Denver, CO, USA) - Map - Statistics

General Stats
  • This quiz has been taken 59 times
  • The average score is 134 of 232
Answers on the Map
Answers color-coded by a green-red scale on the quiz's map according to % correct below.
 
Answer Stats
Destination % Correct
Dublin
94%
London (Heathrow)
94%
Miami
94%
Paris (Charles de Gualle)
94%
Rome (Fiumicino)
94%
Dallas/Fort Worth
91%
Istanbul
91%
Los Angeles
91%
Mexico City
91%
Orlando
91%
Chicago (Midway)
89%
Chicago (O'Hare)
89%
Dallas (Love)
89%
Detroit
89%
Frankfurt
89%
Houston (Hobby)
89%
Houston (Intercontinental)
89%
Las Vegas
89%
Munich
89%
New York (JFK)
89%
New York (LaGuardia)
89%
Panama City (FL)
89%
Panama City (Tocumen)
89%
Reykjavík
89%
San José del Cabo
89%
Seattle/Tacoma
89%
Tokyo (Narita)
89%
Zürich
89%
Atlanta
87%
Austin
87%
Honolulu
87%
Newark
87%
New Orleans
87%
Portland (ME)
87%
Portland (OR)
87%
San Jose (CA)
87%
San José (CR)
87%
Cancún
85%
Charlotte
85%
Jacksonville (FL)
85%
Minneapolis/St. Paul
85%
Philadelphia
85%
Salt Lake City
85%
Toronto (Pearson)
85%
Washington (Dulles)
85%
Washington (National)
85%
Boston
83%
Guadalajara
83%
Monterey
83%
Monterrey
83%
Phoenix (Sky Harbor)
83%
San Diego/Carlsbad
83%
San Francisco
83%
Tampa
83%
Vancouver
83%
Anchorage
81%
Indianapolis
81%
Montréal (Trudeau)
81%
Nashville
81%
Nassau
81%
San Diego
81%
Boise
79%
Calgary
79%
Cleveland
79%
El Paso
79%
Fort Lauderdale
79%
Raleigh/Durham
79%
Sacramento
79%
San Antonio
79%
San Juan
79%
Albuquerque
77%
Buffalo
77%
Cincinnati
77%
Edmonton
77%
Kansas City
77%
Milwaukee
77%
Oklahoma City
77%
Pittsburgh
77%
Reno/Tahoe
77%
St. Louis
77%
Baltimore
74%
Columbus (Glenn)
74%
Fairbanks
74%
Tucson
74%
Albany
72%
Hartford
72%
Louisville
72%
Memphis
72%
Belize City
70%
Charleston (SC)
70%
Colorado Springs
70%
Des Moines
70%
Springfield/Branson
70%
Fargo
66%
Fort Myers
66%
Montego Bay
66%
Omaha
66%
Providence
66%
Spokane
66%
Tulsa
66%
Bismarck
64%
Oakland
64%
Richmond
64%
Savannah
64%
Cheyenne
62%
Helena
62%
Little Rock
62%
Madison
62%
Santa Fe
62%
Aspen
60%
Corpus Christi
60%
Punta Cana
60%
Wichita
60%
Billings
57%
Birmingham (AL)
57%
Fresno
57%
Grand Rapids
57%
Greensboro
57%
Syracuse
57%
Myrtle Beach
55%
Wilmington (NC)
55%
Winnipeg
55%
Bakersfield
53%
Bozeman
53%
Dayton
53%
Grand Junction
53%
Knoxville
53%
Lincoln
53%
Long Beach
53%
Lubbock
53%
Burlington (VT)
51%
Cedar Rapids/Iowa City
51%
Columbia (MO)
51%
Eugene
51%
Pensacola
51%
Regina
51%
Sarasota
51%
Amarillo
49%
Casper
49%
Eagle/Vail
49%
Idaho Falls
49%
Kahului
49%
Lexington
49%
Norfolk
49%
Sioux Falls
49%
Liberia (CR)
47%
Ontario
47%
Burbank
45%
Huntsville
45%
Midland/Odessa
45%
Pierre
45%
Puerto Vallarta
45%
Santa Barbara
45%
West Palm Beach
45%
Asheville
43%
Durango (CO)
43%
Lihue
43%
Missoula
43%
Chihuahua
40%
Cozumel
40%
Destin/Fort Walton Beach
40%
Fayetteville/Bentonville
40%
Grand Cayman
40%
Hayden/Steamboat Springs
40%
Sioux City
40%
Appleton
38%
Greenville/Spartanburg
38%
Jackson Hole
38%
Medford
38%
Minot
38%
Peoria
38%
Rapid City
38%
Redding
38%
Redmond/Bend
38%
Eureka
36%
Pueblo
36%
Santa Rosa
36%
Shreveport
36%
St. George (UT)
36%
Traverse City
36%
Allentown
34%
Cody
34%
Gunnison/Crested Butte
34%
Orange County
34%
Stockton
34%
Butte
32%
Dodge City
32%
Great Falls
32%
Moline/Quad Cities
32%
Montrose
32%
San Luis Obispo
32%
Tulum
32%
Dickinson
30%
Glacier Park/Kalispell
30%
Harlingen
30%
Kailua-Kona
30%
Moab
30%
Telluride (CO)
30%
Williston (ND)
30%
Devils Lake
28%
Gillette
28%
Taos
28%
Joplin
26%
Laramie
26%
North Bend/Coos Bay
26%
North Platte
26%
Roatán
26%
Vernal
26%
Rock Springs
23%
Clovis (NM)
21%
Hays
21%
Jamestown (ND)
21%
Kearney
21%
Prescott
21%
Salina
21%
Tri-Cities (WA)
21%
Alamosa
19%
Cortez
19%
Hobbs
19%
Riverton
19%
Scottsbluff
19%
Sheridan (WY)
19%
Sun Valley
19%
Alliance
17%
Bishop
17%
Liberal
17%
Palm Springs
17%
West Yellowstone
17%
Page
15%
Watertown (SD)
13%
Chadron
11%
McCook
9%
No matching quizzes found
Score Distribution
Percent of People with Each Score
Percentile by Number Answered
Your Score History
You have not taken this quiz